Confiscación de las campanas y de los órganos de las iglesias de la parte ocupada de Bélgica / (Record no. 102492)

MARC details
000 -LEADER
campo de control de longitud fija 00592nam a2200157 i 4500
001 - NÚMERO DE CONTROL
campo de control 102492
003 - IDENTIFICADOR DE NÚMERO DE CONTROL
campo de control ES-MaACL
005 - FECHA Y HORA DE LA ÚLTIMA TRANSACCIÓN
campo de control 20230906183123.0
007 - CAMPO FIJO DE DESCRIPCIÓN FÍSICA--INFORMACIÓN GENERAL
campo de control de longitud fija t|
008 - DATOS DE LONGITUD FIJA--INFORMACIÓN GENERAL
campo de control de longitud fija 051111s1918 xxk ||||1| spa d
100 1# - ENTRADA PRINCIPAL--NOMBRE DE PERSONA
Nombre de persona Mercier, Désiré-Joseph
Títulos y otros términos asociados al nombre Cardinal.
9 (RLIN) 80462
245 10 - MENCIÓN DEL TÍTULO
Título Confiscación de las campanas y de los órganos de las iglesias de la parte ocupada de Bélgica /
Mención de responsabilidad, etc. carta del Cardenal Désiré-Joseph Mercier, Arzobispo de Malinas.
260 ## - PUBLICACIÓN, DISTRIBUCIÓN, ETC.
Lugar de publicación, distribución, etc. Londres :
Nombre del editor, distribuidor, etc. [s.n.],
Fecha de publicación, distribución, etc. 1918.
650 04 - PUNTO DE ACCESO ADICIONAL DE MATERIA--TÉRMINO DE MATERIA
Término de materia o nombre geográfico como elemento de entrada Guerra mundial, 1914-1918-
Subdivisión general Destrucciones y saqueos.
9 (RLIN) 13218
852 ## - LOCALIZACIÓN
Ubicación ES-MaACL
Número de control de estantería 1579-F-14
Holdings
Estatus retirado Estado de pérdida Estado de daño No para préstamo Colección Biblioteca de origen Biblioteca actual Ubicación en estantería Fecha de adquisición Fuente de adquisición Total de préstamos Signatura topográfica completa Código de barras Visto por última vez Precio de reemplazo Tipo de ítem Koha
        Colección de folletos Biblioteca del Ateneo de Madrid Biblioteca del Ateneo de Madrid Depósito folletos 17/01/2008     1579-F-14 1106988 23/02/2023 23/02/2023 Folleto